| 000 | 00705 a2200205 4500 | ||
|---|---|---|---|
| 001 | 124694 | ||
| 020 | _a1570820872 | ||
| 040 | _cEscola Canadense de Niteroi | ||
| 090 | _aL2 - FER | ||
| 100 | _aFerguson, Don | ||
| 245 | 1 | 0 | _aThe lion king |
| 260 | _aUSA | ||
| 300 |
_a96 p. _c5 x 0.5 x 11.75 inches (hardcover) |
||
| 362 | 0 | _a1994 | |
| 520 | _aThe exciting tale of Simba, a young cub who earns his place in the Circle of Life, is retold in the classic Little Golden Book format. Children will roar with excitement as they read this retelling of Disney's The Lion King. | ||
| 650 | 4 | _aBooks That Have Movies | |
| 650 | 4 | _aChildren's Literature | |
| 650 | 4 | _aAction or Adventure | |
| 942 | _cBK | ||
| 999 |
_c124694 _d124694 |
||